<?xml version='1.0' encoding='UTF-8'?>
  <record xmlns="http://www.loc.gov/MARC21/slim">
    <leader>00000cam a22000007i 4500</leader>
    <controlfield tag="001">ocm66831204</controlfield>
    <controlfield tag="003">OCoLC</controlfield>
    <controlfield tag="005">20231213210205.5</controlfield>
    <controlfield tag="008">031214s1588    gw       m    000 0 lat d</controlfield>
    <datafield tag="040" ind1=" " ind2=" ">
      <subfield code="a">NLGGC</subfield>
      <subfield code="b">eng</subfield>
      <subfield code="e">rda</subfield>
      <subfield code="e">dcrmr</subfield>
      <subfield code="c">NLGGC</subfield>
      <subfield code="d">QGJ</subfield>
      <subfield code="d">OCLCL</subfield>
    </datafield>
    <datafield tag="029" ind1="0" ind2=" ">
      <subfield code="a">NLGGC</subfield>
      <subfield code="b">257774548</subfield>
    </datafield>
    <datafield tag="035" ind1=" " ind2=" ">
      <subfield code="a">(OCoLC)66831204</subfield>
    </datafield>
    <datafield tag="100" ind1="1" ind2=" ">
      <subfield code="a">Andreae, Jakob,</subfield>
      <subfield code="d">1528-1590,</subfield>
      <subfield code="e">praeses.</subfield>
      <subfield code="4">pra</subfield>
      <subfield code="1">https://id.oclc.org/worldcat/entity/E39PBJx8CWjkMFpDwdTyF9M9Dq</subfield>
    </datafield>
    <datafield tag="245" ind1="1" ind2="0">
      <subfield code="a">Disputatio secunda contra Concilium Tridentinum de autoritate, origine, caussa, certitudine, perfectione, sufficientiâ &amp; perspicuitate sacræ Scripturæ Veteris &amp; Novi Testamenti, /</subfield>
      <subfield code="c">Quam DEO Propitio, sub praesidio reverendi et clarissimi viri, D. Jacobi Andreæ, S. S. theologiæ doctoris et professoris celeberrimi, Ecclesiæ Tubingensis Præpositi, &amp; Academiæ Cancellarij dignissimi, Patroni ac Præceptoris sui piè &amp; reuerenter colendi, 19. Augusti, hora &amp; loco solitis, pro tenuitate ingenij, exercitationis gratiâ defendere conabitur M. Christophorus Scholtius Vratislauiensis Sil.</subfield>
    </datafield>
    <datafield tag="246" ind1="3" ind2=" ">
      <subfield code="a">Dispvtatio secvnda contra Concilivm Tridentinvm de avtoritate, origine, cavssa, certitudine, perfectione, sufficientiâ &amp; perspicuitate sacræ Scripturæ Veteris &amp; Noui Testamenti</subfield>
    </datafield>
    <datafield tag="246" ind1="3" ind2=" ">
      <subfield code="a">Disputatio contra Concilium Tridentinum 2</subfield>
    </datafield>
    <datafield tag="246" ind1="3" ind2="0">
      <subfield code="a">De autoritate, origine, caussa, certitudine, perfectione, sufficientia &amp; perspicuitate sacrae Scripturae Veteris &amp; Novi Testamenti</subfield>
    </datafield>
    <datafield tag="264" ind1=" " ind2="1">
      <subfield code="a">Tubingae, :</subfield>
      <subfield code="b">Excudebat Georgius Gruppenbachius.,</subfield>
      <subfield code="c">M.D.LXXXVIII. [1588]</subfield>
    </datafield>
    <datafield tag="300" ind1=" " ind2=" ">
      <subfield code="a">[2], 17 pages ;</subfield>
      <subfield code="c">20 cm (4to)</subfield>
    </datafield>
    <datafield tag="336" ind1=" " ind2=" ">
      <subfield code="a">text</subfield>
      <subfield code="b">txt</subfield>
      <subfield code="2">rdacontent</subfield>
    </datafield>
    <datafield tag="337" ind1=" " ind2=" ">
      <subfield code="a">unmediated</subfield>
      <subfield code="b">n</subfield>
      <subfield code="2">rdamedia</subfield>
    </datafield>
    <datafield tag="338" ind1=" " ind2=" ">
      <subfield code="a">volume</subfield>
      <subfield code="b">nc</subfield>
      <subfield code="2">rdacarrier</subfield>
    </datafield>
    <datafield tag="340" ind1=" " ind2=" ">
      <subfield code="m">4to</subfield>
      <subfield code="2">rdabf</subfield>
    </datafield>
    <datafield tag="500" ind1=" " ind2=" ">
      <subfield code="a">Signatures: A-B⁴ C².</subfield>
    </datafield>
    <datafield tag="500" ind1=" " ind2=" ">
      <subfield code="a">Initials.</subfield>
    </datafield>
    <datafield tag="502" ind1=" " ind2=" ">
      <subfield code="a">Disputation Tübingen.</subfield>
    </datafield>
    <datafield tag="510" ind1="4" ind2=" ">
      <subfield code="a">Verzeichnis der im deutschen Sprachbereich erschienenen Drucke des 16. Jahrhunderts (VD 16),</subfield>
      <subfield code="c">A 2564</subfield>
    </datafield>
    <datafield tag="700" ind1="1" ind2=" ">
      <subfield code="a">Scholz, Christoph,</subfield>
      <subfield code="d">1561-1611,</subfield>
      <subfield code="e">respondent.</subfield>
      <subfield code="4">rsp</subfield>
      <subfield code="1">https://id.oclc.org/worldcat/entity/E39PBJbWr9CHQpYFKgXg6mh8md</subfield>
    </datafield>
    <datafield tag="700" ind1="1" ind2=" ">
      <subfield code="a">Gruppenbach, Georg,</subfield>
      <subfield code="d">-1610,</subfield>
      <subfield code="e">printer.</subfield>
      <subfield code="4">prt</subfield>
      <subfield code="1">https://id.oclc.org/worldcat/entity/E39PBJy8x8mvR6Y3mmxqkhWqwC</subfield>
    </datafield>
    <datafield tag="752" ind1=" " ind2=" ">
      <subfield code="a">Germany</subfield>
      <subfield code="d">Tübingen</subfield>
      <subfield code="e">publication place.</subfield>
      <subfield code="4">pup</subfield>
    </datafield>
  </record>